Catálogo
 En Linea

Vegetarian Times Complete Cookbook. (Registro nro. 42543)

Detalles MARC
000 -CABECERA
campo de control de longitud fija 00274nam a2200109 a 4500
005 - FECHA Y HORA DE LA ÚLTIMA TRANSACCIÓN
campo de control 20201002040613.0
008 - DATOS DE LONGITUD FIJA--INFORMACIÓN GENERAL
campo de control de longitud fija 140218s1995 000 spa d
020 ## - NÚMERO INTERNACIONAL ESTÁNDAR DEL LIBRO
Número Internacional Estándar del Libro 0026217457
040 ## - FUENTE DE LA CATALOGACIÓN
Centro catalogador/agencia de origen DO-SdBNP
245 #0 - MENCIÓN DE TÍTULO
Título Vegetarian Times Complete Cookbook.
260 ## - PUBLICACIÓN, DISTRIBUCIÓN, ETC.
Lugar de publicación, distribución, etc. New York,
Fecha de publicación, distribución, etc. 1995.

No hay ítems disponibles.

Con tecnología Koha